000 01386cam a2200133 4500500
005 20251214002852.0
041 _afre
042 _adc
100 1 0 _aZarka, Yves Charles
_eauthor
245 0 0 _aPour un monde habitable : 2. La Terre-sol, le Monde émergent II
260 _bArmand Colin,
_c2014.
520 _aLa Terre-Sol est le monde habitable. Comme telle, elle est la condition d’existence de l’humanité: depuis les simples besoins vitaux, jusqu’aux plus hautes fonctions de la pensée en passant par l’imagination, le rêve, etc. Inversement, la Terre n’est pas un simple lieu indifférent ou une réalité physico-chimique sans mémoire. Elle porte en elle les archives vivantes de l’histoire humaine et de tous les êtres vivants.La corrélation entre l’homme et la Terre est fondamentale. La vie et le devenir de la Terre, trop souvent occultés par le voile de la surexploitation, nous concernent, nous, les hommes. Notre présent et notre avenir dépendent d’elle, car sa dégradation entraîne la nôtre. Nous sommes devenus des acteurs majeurs des transformations considérables – les changements globaux – qui l’affectent. Il nous appartient de prendre la mesure de ce que nous faisons ou défaisons afin d’adopter une autre voie.
856 4 1 _uhttps://shs.cairn.info/le-monde-emergent--9782200248031?lang=fr&redirect-ssocas=7080
999 _c1567549
_d1567549